00845nam a2200241 i 4500001000300000100003200003245009800035260007000133300005100203504002600254650002000280020001500300040000800315041000800323044000800331080001500339920001800354942000700372008004100379999001700420856009800437952006800535bg1 aMarkowska-Kaczmar, Urszula.10aEkstrakcja reguł z sieci neuronowych :bpodejście ewolucyjne /cUrszula Markowska-Kaczmar. aWrocław :bOficyna Wydawnicza Politechniki Wrocławskiej,c2006. a156 s. :brys., wykr. (w tym kolor.) ;c24 cm. aBibliogr. s. 137-143. 9aSieci neuronowe a8370859542 cBPK0 apol aPOL a004.032.26 a83-7085-954-2 cKS s pl f |000 0 pol  c54757d54757 uhttp://koha.tu.koszalin.pl/cgi-bin/koha/opac-detail.pl?biblionumber=54757yKatalog online BPK 00104071aELBUDbELBUDcbo86835p02415468t004.032.26 SnyKS